000 00882nam a22002532 4500
001 0000019415
005 20151217152154.0
008 101115s xx 000 0 eng d
020 _a1405151511 :
040 _aKABU
_cKABU
100 1 _aGoss Lucas, Sandra.
_@0000179675
245 1 2 _aA Guide to teaching introductory psychology /
_cSandra Goss Lucas.
250 _aOxford ed.
260 _aBlackwell :
_b2008.
300 _axii, 311 p.
650 0 _aPsychology
_xStudy and teaching.
_@0000159273
852 1 _9p2860 PES
852 1 _9p2860 PES
852 1 _9p2860 PES
852 1 _9p2860 PES
852 1 _9p4804 PES
908 _a101115
950 _@1
999 _c8955
_d8955